Normal view
MARC view
- Woodruff, Robert B.
Entry Personal Name
001 - CONTROL NUMBER
- control field: 4443
003 - CONTROL NUMBER IDENTIFIER
- control field: URS
005 - DATE AND TIME OF LATEST TRANSACTION
- control field: 20230411133008.0
008 - FIXED-LENGTH DATA ELEMENTS
- fixed length control field: 230411|| aca||aabn | a|a d
040 ## - CATALOGING SOURCE
- Original cataloging agency: URS
100 ## - HEADING--PERSONAL NAME
- Personal name: Woodruff, Robert B.
- Relator term: author